000 00322 a2200157 4500
001 58505
020 _a8503001950
040 _cAnchieta - Pituba
100 _aFontes, Amando
240 1 0 _aOs corumbas
_lpor
245 1 0 _aOs corumbas
300 _a172
362 0 _a1992
650 4 _aFicção brasileira
942 _cBK
999 _c58505
_d58505